000 00966nam a22002417a 4500
008 161015b xxu||||| |||| 00| 0 eng d
020 _a9719254319
082 _22002
_aDFil 342.03
_bT65
100 _916328
_aAbueva, Jose V.
245 _aTowards a federal republic of the Philippines with a parliamentary government:
_ba reader/
_cJose V. Abueva...[and 4 others].
260 _aMarikina City:
_bCenter for Social Policy and Governance, Kalayaan College,
_cc2002.
300 _ai, 353 pages;
_c26 cm.
500 _aIncludes bibliographical references and index.
650 0 _916329
_aConstitutional law
_zPhilippines.
650 0 _916330
_aFederal government
_zPhilippines.
650 0 _916331
_aLaw reform
_zPhilippines.
700 _916332
_aTeves, Rey M.
_eEditor
700 _916333
_aSosmeƱa, Gaudioso C.
_eEditor
700 _916334
_aCarlos, Clarita R.
_eEditor
700 _916335
_aMastura, Michael O.
_eEditor
365 _b352.00
_cPhp.
942 _2ddc
_cDFIL
999 _c5273
_d5273